[Event "Rapid 2018"]
[Site "Saint-Petersburg"]
[Date "2018.12.27"]
[Round "10"]
[Board "59"]
[White "Pershin Denis (RUS)"]
[Black "Zvjaginsev Vadim (RUS)"]
[Result "0-1"]
[LiveChessVersion "1.4.8"]
[BlackElo "2573"]
[WhiteElo "2353"]

1. e4 {[%clk 0:15:18]} c5 {[%clk 0:15:18]} 2. Nf3 {[%clk 0:15:26]} Nc6
{[%clk 0:15:24]} 3. d4 {[%clk 0:15:35]} cxd4 {[%clk 0:15:32]} 4. Nxd4
{[%clk 0:15:44]} Nf6 {[%clk 0:15:37]} 5. Nc3 {[%clk 0:15:52]} g6 {[%clk 0:15:46]}
6. Be3 {[%clk 0:15:41]} Bg7 {[%clk 0:15:53]} 7. Bc4 {[%clk 0:15:43]} O-O
{[%clk 0:15:32]} 8. Bb3 {[%clk 0:15:48]} d6 {[%clk 0:15:34]} 9. f3
{[%clk 0:15:56]} Qa5 {[%clk 0:15:42]} 10. Qd2 {[%clk 0:15:38]} Nxd4
{[%clk 0:15:50]} 11. Bxd4 {[%clk 0:15:45]} Be6 {[%clk 0:15:58]} 12. O-O-O
{[%clk 0:14:49]} b5 {[%clk 0:15:47]} 13. Kb1 {[%clk 0:14:38]} b4 {[%clk 0:15:54]}
14. Nd5 {[%clk 0:12:58]} Bxd5 {[%clk 0:15:59]} 15. exd5 {[%clk 0:13:06]} Qb5
{[%clk 0:16:05]} 16. Qd3 {[%clk 0:12:02]} Qxd3 {[%clk 0:15:56]} 17. cxd3
{[%clk 0:11:44]} Nd7 {[%clk 0:12:58]} 18. Bxg7 {[%clk 0:10:34]} Kxg7
{[%clk 0:13:06]} 19. Rhe1 {[%clk 0:10:43]} Kf6 {[%clk 0:12:12]} 20. Re4
{[%clk 0:10:51]} a5 {[%clk 0:12:04]} 21. Rde1 {[%clk 0:09:13]} Nc5
{[%clk 0:11:35]} 22. Rf4+ {[%clk 0:09:21]} Kg7 {[%clk 0:11:35]} 23. Bc4
{[%clk 0:09:15]} Ra7 {[%clk 0:10:40]} 24. d4 {[%clk 0:06:03]} Na4
{[%clk 0:10:44]} 25. Rfe4 {[%clk 0:04:49]} Nb6 {[%clk 0:10:48]} 26. Bb5
{[%clk 0:04:58]} Rb8 {[%clk 0:07:50]} 27. Bc6 {[%clk 0:04:33]} Kf8
{[%clk 0:07:56]} 28. h4 {[%clk 0:04:24]} Rc7 {[%clk 0:05:30]} 29. Rf4
{[%clk 0:04:32]} h6 {[%clk 0:05:03]} 30. h5 {[%clk 0:02:37]} g5 {[%clk 0:05:07]}
31. Rf5 {[%clk 0:02:43]} Nd7 {[%clk 0:03:43]} 32. f4 {[%clk 0:00:43]} g4
{[%clk 0:03:10]} 33. Re6 {[%clk 0:00:45]} Nf6 {[%clk 0:03:18]} 34. Rexf6
{[%clk 0:00:52]} exf6 {[%clk 0:03:27]} 35. Rxf6 {[%clk 0:01:01]} Rd8
{[%clk 0:03:36]} 36. Kc2 {[%clk 0:00:43]} Kg7 {[%clk 0:03:25]} 37. Rf5
{[%clk 0:00:52]} Re8 {[%clk 0:02:56]} 38. Kd3 {[%clk 0:00:17]} Re1
{[%clk 0:02:58]} 39. Kc4 {[%clk 0:00:21]} Re2 {[%clk 0:02:56]} 40. Kb5
{[%clk 0:00:19]} Rxg2 {[%clk 0:02:58]} 41. Kb6 {[%clk 0:00:28]} Re7
{[%clk 0:03:01]} 42. Bb5 {[%clk 0:00:28]} Rc2 {[%clk 0:02:21]} 43. Bd3
{[%clk 0:00:36]} Rc1 {[%clk 0:02:18]} 0-1

[Event "Rapid 2018"]
[Site "Saint-Petersburg"]
[Date "2018.12.27"]
[Round "10"]
[Board "60"]
[White "Gaifullin Artur (RUS)"]
[Black "Tukhaev Adam (UKR)"]
[Result "0-1"]
[LiveChessVersion "1.4.8"]
[BlackElo "2556"]
[WhiteElo "2156"]

1. Nf3 {[%clk 0:15:17]} g6 {[%clk 0:14:40]} 2. d4 {[%clk 0:14:05]} Bg7
{[%clk 0:14:38]} 3. c4 {[%clk 0:14:07]} d6 {[%clk 0:14:31]} 4. Nc3
{[%clk 0:14:05]} Bg4 {[%clk 0:14:20]} 5. e3 {[%clk 0:14:01]} Nf6 {[%clk 0:13:03]}
6. h3 {[%clk 0:13:46]} Bf5 {[%clk 0:13:05]} 7. Qb3 {[%clk 0:12:47]} Qc8
{[%clk 0:12:50]} 8. g4 {[%clk 0:12:15]} Bd7 {[%clk 0:12:48]} 9. Bg2
{[%clk 0:12:23]} O-O {[%clk 0:11:35]} 10. Bd2 {[%clk 0:11:06]} Nc6
{[%clk 0:09:55]} 11. a3 {[%clk 0:08:48]} Re8 {[%clk 0:06:20]} 12. Qc2
{[%clk 0:07:27]} h5 {[%clk 0:04:34]} 13. g5 {[%clk 0:06:19]} Nh7 {[%clk 0:04:43]}
14. d5 {[%clk 0:06:23]} Nd8 {[%clk 0:04:42]} 15. O-O-O {[%clk 0:05:47]} c6
{[%clk 0:04:50]} 16. Nh4 {[%clk 0:04:51]} cxd5 {[%clk 0:04:42]} 17. Nxd5
{[%clk 0:04:50]} b5 {[%clk 0:03:24]} 18. Bc3 {[%clk 0:04:08]} Bxc3
{[%clk 0:03:08]} 19. Nxc3 {[%clk 0:04:09]} Rb8 {[%clk 0:02:34]} 20. cxb5
{[%clk 0:03:48]} Nf8 {[%clk 0:02:15]} 21. Nd5 {[%clk 0:03:00]} Qxc2+
{[%clk 0:02:10]} 22. Kxc2 {[%clk 0:03:09]} Bxb5 {[%clk 0:02:16]} 23. Kb1
{[%clk 0:02:57]} Nde6 {[%clk 0:02:23]} 24. f4 {[%clk 0:02:58]} Ba4
{[%clk 0:01:45]} 25. Rd2 {[%clk 0:03:05]} Nc5 {[%clk 0:01:53]} 26. f5
{[%clk 0:03:04]} Bb5 {[%clk 0:00:50]} 27. Rhd1 {[%clk 0:02:09]} gxf5
{[%clk 0:00:33]} 28. Nxf5 {[%clk 0:02:16]} Ng6 {[%clk 0:00:42]} 29. Nc7
{[%clk 0:01:19]} Rec8 {[%clk 0:00:49]} 30. Nxb5 {[%clk 0:01:23]} Rxb5
{[%clk 0:00:58]} 31. Bd5 {[%clk 0:01:21]} Na4 {[%clk 0:00:26]} 32. Ka1
{[%clk 0:01:07]} Kf8 {[%clk 0:00:23]} 33. Rf1 {[%clk 0:00:54]} Rcc5
{[%clk 0:00:28]} 34. e4 {[%clk 0:00:31]} Nb6 {[%clk 0:00:31]} 35. b4
{[%clk 0:00:29]} Rxd5 {[%clk 0:00:14]} 36. exd5 {[%clk 0:00:37]} Rxd5
{[%clk 0:00:16]} 37. Rxd5 {[%clk 0:00:22]} Nxd5 {[%clk 0:00:25]} 38. Ng3
{[%clk 0:00:22]} h4 {[%clk 0:00:30]} 39. Ne4 {[%clk 0:00:31]} Ndf4
{[%clk 0:00:29]} 40. Rf3 {[%clk 0:00:40]} d5 {[%clk 0:00:36]} 41. Nc5
{[%clk 0:00:46]} e6 {[%clk 0:00:12]} 42. a4 {[%clk 0:00:30]} Ke7 {[%clk 0:00:21]}
43. Nd3 {[%clk 0:00:21]} Nxd3 {[%clk 0:00:16]} 44. Rxd3 {[%clk 0:00:30]} Nf4
{[%clk 0:00:25]} 45. Rb3 {[%clk 0:00:33]} Kd6 {[%clk 0:00:30]} 46. b5
{[%clk 0:00:41]} d4 {[%clk 0:00:26]} 47. a5 {[%clk 0:00:48]} Kc7 {[%clk 0:00:34]}
48. b6+ {[%clk 0:00:33]} axb6 {[%clk 0:00:43]} 49. Rxb6 {[%clk 0:00:41]} Nxh3
{[%clk 0:00:24]} 50. Rb3 {[%clk 0:00:29]} d3 {[%clk 0:00:27]} 51. Rxd3
{[%clk 0:00:23]} Nxg5 {[%clk 0:00:32]} 52. Rb3 {[%clk 0:00:25]} h3
{[%clk 0:00:41]} 53. a6 {[%clk 0:00:29]} h2 {[%clk 0:00:49]} 54. Rb7+
{[%clk 0:00:36]} Kc6 {[%clk 0:00:36]} 55. Rb1 {[%clk 0:00:44]} h1=Q
{[%clk 0:00:40]} 56. Rxh1 {[%clk 0:00:53]} Kb6 {[%clk 0:00:49]} 57. Rh5
{[%clk 0:00:55]} f6 {[%clk 0:00:53]} 58. Rh6 {[%clk 0:00:58]} Ne4
{[%clk 0:00:56]} 59. Kb2 {[%clk 0:00:35]} Kxa6 {[%clk 0:01:05]} 60. Kc2
{[%clk 0:00:44]} Kb5 {[%clk 0:01:11]} 61. Kd3 {[%clk 0:00:52]} Nc5+
{[%clk 0:01:05]} 62. Ke3 {[%clk 0:01:01]} Nd7 {[%clk 0:01:10]} 63. Kf4
{[%clk 0:01:04]} Kc6 {[%clk 0:01:18]} 64. Rh1 {[%clk 0:00:30]} Nb6
{[%clk 0:01:25]} 65. Rc1+ {[%clk 0:00:31]} Kd6 {[%clk 0:01:33]} 66. Ra1
{[%clk 0:00:21]} Nd5+ {[%clk 0:01:40]} 67. Ke4 {[%clk 0:00:28]} f5+
{[%clk 0:01:48]} 68. Kf3 {[%clk 0:00:35]} e5 {[%clk 0:01:28]} 69. Re1
{[%clk 0:00:39]} Ke6 {[%clk 0:01:30]} 70. Re2 {[%clk 0:00:34]} Kf6
{[%clk 0:01:34]} 71. Re1 {[%clk 0:00:41]} Ne7 {[%clk 0:01:37]} 72. Ra1
{[%clk 0:00:36]} e4+ {[%clk 0:01:40]} 73. Ke3 {[%clk 0:00:32]} Ke5
{[%clk 0:01:48]} 74. Ra7 {[%clk 0:00:29]} f4+ {[%clk 0:01:49]} 75. Kf2
{[%clk 0:00:31]} Nc6 {[%clk 0:01:51]} 76. Ra4 {[%clk 0:00:30]} Nd4
{[%clk 0:01:20]} 77. Ra5+ {[%clk 0:00:38]} Ke6 {[%clk 0:01:27]} 78. Rh5
{[%clk 0:00:19]} e3+ {[%clk 0:01:34]} 79. Ke1 {[%clk 0:00:28]} f3
{[%clk 0:01:37]} 80. Rc5 {[%clk 0:00:33]} Nf5 {[%clk 0:00:45]} 81. Rc2
{[%clk 0:00:18]} Ke5 {[%clk 0:00:47]} 82. Kf1 {[%clk 0:00:24]} Ng3+
{[%clk 0:00:42]} 83. Kg1 {[%clk 0:00:32]} Ne4 {[%clk 0:00:48]} 84. Rc8
{[%clk 0:00:18]} e2 {[%clk 0:00:45]} 85. Re8+ {[%clk 0:00:26]} Kd4
{[%clk 0:00:51]} 86. Rd8+ {[%clk 0:00:31]} Ke3 {[%clk 0:01:00]} 0-1

[Event "Rapid 2018"]
[Site "Saint-Petersburg"]
[Date "2018.12.27"]
[Round "10"]
[Board "61"]
[White "Sharma Dinesh K. (IND)"]
[Black "Tregubov Pavel V. (RUS)"]
[Result "1/2-1/2"]
[LiveChessVersion "1.4.8"]
[BlackElo "2553"]
[WhiteElo "2388"]

1. e4 {[%clk 0:15:17]} c5 {[%clk 0:15:18]} 2. Nf3 {[%clk 0:15:25]} e6
{[%clk 0:15:26]} 3. d4 {[%clk 0:15:33]} cxd4 {[%clk 0:15:34]} 4. Nxd4
{[%clk 0:15:41]} Nc6 {[%clk 0:15:43]} 5. Nc3 {[%clk 0:15:49]} Nf6
{[%clk 0:15:52]} 6. a3 {[%clk 0:15:07]} Be7 {[%clk 0:15:15]} 7. Be3
{[%clk 0:15:04]} O-O {[%clk 0:15:15]} 8. Qe2 {[%clk 0:14:16]} d5 {[%clk 0:12:31]}
9. exd5 {[%clk 0:12:29]} Nxd5 {[%clk 0:12:38]} 10. Nxd5 {[%clk 0:12:03]} Qxd5
{[%clk 0:12:42]} 11. Qc4 {[%clk 0:09:58]} Qa5+ {[%clk 0:11:44]} 12. Bd2
{[%clk 0:09:12]} Qe5+ {[%clk 0:11:32]} 13. Be3 {[%clk 0:09:20]} Bf6
{[%clk 0:09:02]} 14. Nxc6 {[%clk 0:06:59]} bxc6 {[%clk 0:09:11]} 15. c3
{[%clk 0:07:02]} a5 {[%clk 0:06:52]} 16. O-O-O {[%clk 0:04:09]} Ba6
{[%clk 0:06:32]} 17. Qf4 {[%clk 0:03:59]} Qh5 {[%clk 0:05:15]} 18. g4
{[%clk 0:03:40]} Qg6 {[%clk 0:04:35]} 19. Bxa6 {[%clk 0:03:28]} Rxa6
{[%clk 0:04:44]} 20. g5 {[%clk 0:03:30]} Bd8 {[%clk 0:04:04]} 21. h4
{[%clk 0:03:21]} Ra8 {[%clk 0:03:37]} 22. h5 {[%clk 0:02:51]} Qf5
{[%clk 0:03:45]} 23. Qxf5 {[%clk 0:02:45]} exf5 {[%clk 0:03:54]} 24. Bf4
{[%clk 0:02:43]} Re8 {[%clk 0:03:58]} 25. Rhe1 {[%clk 0:02:34]} Rxe1
{[%clk 0:02:41]} 26. Rxe1 {[%clk 0:02:39]} Bb6 {[%clk 0:02:50]} 27. f3
{[%clk 0:02:42]} g6 {[%clk 0:01:35]} 28. h6 {[%clk 0:02:31]} Bc5 {[%clk 0:01:27]}
29. a4 {[%clk 0:02:23]} f6 {[%clk 0:00:53]} 30. Re6 {[%clk 0:01:44]} fxg5
{[%clk 0:00:55]} 31. Bxg5 {[%clk 0:01:50]} Rc8 {[%clk 0:01:01]} 32. Re5
{[%clk 0:01:54]} Bb6 {[%clk 0:00:56]} 33. Re7 {[%clk 0:01:53]} Rc7
{[%clk 0:01:05]} 34. Re8+ {[%clk 0:01:29]} Kf7 {[%clk 0:01:14]} 35. Rb8
{[%clk 0:01:28]} Ba7 {[%clk 0:01:12]} 36. Rh8 {[%clk 0:01:29]} Ke6
{[%clk 0:01:20]} 37. Re8+ {[%clk 0:01:33]} Kd5 {[%clk 0:01:09]} 38. Rg8
{[%clk 0:01:38]} Rd7 {[%clk 0:01:02]} 39. Kc2 {[%clk 0:01:34]} Bb6
{[%clk 0:00:55]} 40. Re8 {[%clk 0:01:31]} c5 {[%clk 0:00:45]} 41. b3
{[%clk 0:01:07]} Bc7 {[%clk 0:00:45]} 42. Be3 {[%clk 0:00:30]} f4
{[%clk 0:00:26]} 43. Bd2 {[%clk 0:00:38]} g5 {[%clk 0:00:19]} 44. Rg8
{[%clk 0:00:44]} Bd8 {[%clk 0:00:28]} 45. Rg7 {[%clk 0:00:32]} Ke6
{[%clk 0:00:37]} 46. Rg8 {[%clk 0:00:41]} Kf5 {[%clk 0:00:25]} 47. Rg7
{[%clk 0:00:40]} Ke6 {[%clk 0:00:27]} 48. Rg8 {[%clk 0:00:42]} Kf7
{[%clk 0:00:17]} 49. Rg7+ {[%clk 0:00:50]} Ke6 {[%clk 0:00:27]} 50. Rg8
{[%clk 0:00:28]} Kf7 {[%clk 0:00:34]} 51. Rg7+ 1/2-1/2

[Event "Rapid 2018"]
[Site "Saint-Petersburg"]
[Date "2018.12.27"]
[Round "10"]
[Board "62"]
[White "Sokolin Leonid (USA)"]
[Black "Le Quang Liem (VIE)"]
[Result "1/2-1/2"]
[LiveChessVersion "1.4.8"]
[BlackElo "2752"]
[WhiteElo "2508"]

1. e4 {[%clk 0:15:19]} c5 {[%clk 0:15:17]} 2. Nf3 {[%clk 0:15:27]} d6
{[%clk 0:15:19]} 3. d4 {[%clk 0:15:30]} cxd4 {[%clk 0:15:27]} 4. Qxd4
{[%clk 0:15:39]} Nc6 {[%clk 0:15:15]} 5. Bb5 {[%clk 0:15:48]} Bd7
{[%clk 0:15:25]} 6. Bxc6 {[%clk 0:15:57]} Bxc6 {[%clk 0:15:33]} 7. Nc3
{[%clk 0:16:06]} Nf6 {[%clk 0:15:23]} 8. Bg5 {[%clk 0:16:12]} e6 {[%clk 0:15:32]}
9. O-O-O {[%clk 0:16:05]} Be7 {[%clk 0:15:39]} 10. Qd3 {[%clk 0:16:14]} Qa5
{[%clk 0:15:10]} 11. h4 {[%clk 0:16:21]} h6 {[%clk 0:14:54]} 12. Bxf6
{[%clk 0:14:55]} gxf6 {[%clk 0:13:13]} 13. Nd4 {[%clk 0:14:49]} a6
{[%clk 0:13:20]} 14. f4 {[%clk 0:14:28]} Bd7 {[%clk 0:13:02]} 15. Kb1
{[%clk 0:14:04]} O-O-O {[%clk 0:12:36]} 16. g4 {[%clk 0:13:25]} Kb8
{[%clk 0:12:41]} 17. f5 {[%clk 0:12:07]} Rc8 {[%clk 0:11:14]} 18. Nce2
{[%clk 0:11:30]} Rhg8 {[%clk 0:10:01]} 19. Rhg1 {[%clk 0:11:08]} Qe5
{[%clk 0:09:08]} 20. Qf3 {[%clk 0:10:21]} Bd8 {[%clk 0:08:32]} 21. Qd3
{[%clk 0:09:06]} Ka7 {[%clk 0:06:22]} 22. Rg2 {[%clk 0:06:10]} Bb6
{[%clk 0:05:52]} 23. a3 {[%clk 0:06:00]} d5 {[%clk 0:05:31]} 24. exd5
{[%clk 0:04:33]} Qxd5 {[%clk 0:05:00]} 25. fxe6 {[%clk 0:01:25]} fxe6
{[%clk 0:04:37]} 26. Rg3 {[%clk 0:01:33]} e5 {[%clk 0:04:15]} 27. Nf5
{[%clk 0:00:53]} Qc5 {[%clk 0:03:31]} 28. Nd6 {[%clk 0:00:50]} Rc7
{[%clk 0:03:11]} 29. Ne4 {[%clk 0:01:00]} Qc6 {[%clk 0:03:15]} 30. g5
{[%clk 0:01:02]} Bf5 {[%clk 0:03:10]} 31. N2c3 {[%clk 0:01:11]} fxg5
{[%clk 0:02:49]} 32. Qf3 {[%clk 0:01:13]} Bxe4 {[%clk 0:01:57]} 33. Qxe4
{[%clk 0:01:21]} Qxe4 {[%clk 0:01:50]} 34. Nxe4 {[%clk 0:01:30]} Rc4
{[%clk 0:01:57]} 35. Re1 {[%clk 0:01:25]} g4 36. h5 Bd8 {[%clk 0:01:30]} 37. b3
{[%clk 0:01:39]} Rd4 {[%clk 0:01:38]} 38. c3 {[%clk 0:01:48]} Rd7 39. Reg1 Rdg7
{[%clk 0:01:25]} 40. R1g2 {[%clk 0:02:05]} Bh4 {[%clk 0:01:31]} 41. Rd3
{[%clk 0:02:15]} g3 {[%clk 0:01:36]} 42. Rd5 {[%clk 0:02:20]} Re7
{[%clk 0:01:08]} 43. Kc2 {[%clk 0:02:24]} Rg4 {[%clk 0:01:11]} 44. Kd3
{[%clk 0:02:34]} Rf4 {[%clk 0:01:18]} 45. Ke3 {[%clk 0:02:43]} Rf5
{[%clk 0:01:21]} 46. Rd6 {[%clk 0:02:51]} Rxh5 {[%clk 0:01:25]} 47. Rg6
{[%clk 0:02:59]} Rf7 {[%clk 0:01:23]} 48. Nxg3 {[%clk 0:03:09]} Bg5+
{[%clk 0:01:15]} 49. Ke4 {[%clk 0:03:16]} Rh3 {[%clk 0:01:22]} 50. Kxe5
{[%clk 0:03:26]} Re7+ 51. Kd5 Bf4 {[%clk 0:01:19]} 52. Ne2 {[%clk 0:03:29]} Bg5
{[%clk 0:01:12]} 53. Re6 {[%clk 0:02:50]} Rd3+ {[%clk 0:01:10]} 54. Kc4
{[%clk 0:03:00]} Rxc3+ {[%clk 0:01:19]} 55. Nxc3 {[%clk 0:03:02]} Rxe6
{[%clk 0:01:28]} 56. a4 {[%clk 0:03:08]} Rc6+ {[%clk 0:01:20]} 57. Kd3
{[%clk 0:03:16]} Rd6+ {[%clk 0:01:25]} 58. Ke4 {[%clk 0:03:25]} Rb6
{[%clk 0:01:31]} 59. Rg3 {[%clk 0:03:28]} Rb4+ {[%clk 0:01:27]} 60. Kf5
{[%clk 0:03:01]} Rd4 {[%clk 0:01:13]} 61. Ne4 {[%clk 0:03:08]} Bc1
{[%clk 0:01:10]} 62. Rg7 {[%clk 0:03:02]} Rd3 {[%clk 0:01:05]} 63. Rxb7+ Kxb7
{[%clk 0:01:11]} 64. Nc5+ {[%clk 0:03:18]} Kc6 {[%clk 0:01:17]} 65. Nxd3
{[%clk 0:03:28]} Bd2 {[%clk 0:01:26]} 66. b4 {[%clk 0:03:08]} Kd5
{[%clk 0:01:29]} 67. Nc5 {[%clk 0:02:00]} a5 {[%clk 0:01:35]} 68. bxa5
{[%clk 0:02:10]} Kxc5 {[%clk 0:01:43]} 69. Kg4 {[%clk 0:02:17]} Bxa5
{[%clk 0:01:47]} 70. Kh3 {[%clk 0:02:25]} Kb4 {[%clk 0:01:55]} 71. Kg2
{[%clk 0:02:34]} Kxa4 {[%clk 0:02:04]} 72. Kh1 {[%clk 0:02:44]} 1/2-1/2

[Event "Rapid 2018"]
[Site "Saint-Petersburg"]
[Date "2018.12.27"]
[Round "10"]
[Board "63"]
[White "Vastrukhin Oleg (RUS)"]
[Black "Kovalenko Igor (LAT)"]
[Result "0-1"]
[LiveChessVersion "1.4.8"]
[BlackElo "2665"]
[WhiteElo "2495"]

1. Nf3 {[%clk 0:15:17]} d5 {[%clk 0:15:19]} 2. g3 {[%clk 0:15:25]} c6
{[%clk 0:15:28]} 3. Bg2 {[%clk 0:15:34]} Bg4 {[%clk 0:15:37]} 4. Ne5
{[%clk 0:15:43]} Be6 {[%clk 0:15:42]} 5. d4 {[%clk 0:15:49]} Nd7 {[%clk 0:15:50]}
6. O-O {[%clk 0:15:48]} Ngf6 {[%clk 0:15:57]} 7. Nd3 {[%clk 0:15:32]} Bf5
{[%clk 0:16:02]} 8. Nd2 {[%clk 0:15:36]} e6 {[%clk 0:16:10]} 9. c4
{[%clk 0:14:57]} Bxd3 {[%clk 0:16:10]} 10. exd3 {[%clk 0:15:06]} Bd6
{[%clk 0:16:11]} 11. Qb3 {[%clk 0:15:00]} Rb8 {[%clk 0:16:18]} 12. Nf3
{[%clk 0:15:00]} O-O {[%clk 0:16:18]} 13. Re1 {[%clk 0:15:01]} Bc7
{[%clk 0:15:12]} 14. Qc2 {[%clk 0:13:59]} h6 {[%clk 0:15:05]} 15. b4
{[%clk 0:13:50]} a5 {[%clk 0:15:01]} 16. a3 {[%clk 0:13:46]} Ra8 {[%clk 0:15:02]}
17. Bd2 {[%clk 0:13:44]} Qb8 {[%clk 0:15:00]} 18. b5 {[%clk 0:13:04]} cxb5
{[%clk 0:14:33]} 19. c5 {[%clk 0:11:50]} Qe8 {[%clk 0:13:33]} 20. Rab1
{[%clk 0:11:18]} Nb8 {[%clk 0:13:36]} 21. Qb2 {[%clk 0:11:05]} b4
{[%clk 0:12:39]} 22. axb4 {[%clk 0:11:09]} axb4 {[%clk 0:12:42]} 23. Qxb4
{[%clk 0:10:52]} Ra7 {[%clk 0:12:20]} 24. Ra1 {[%clk 0:10:14]} Nc6
{[%clk 0:12:24]} 25. Qb2 {[%clk 0:10:22]} Rxa1 {[%clk 0:10:53]} 26. Rxa1
{[%clk 0:10:28]} Qc8 {[%clk 0:11:02]} 27. Rb1 {[%clk 0:09:47]} Nd8
{[%clk 0:10:47]} 28. Ne5 {[%clk 0:09:31]} Nd7 {[%clk 0:10:32]} 29. f4
{[%clk 0:08:43]} Bxe5 {[%clk 0:10:34]} 30. fxe5 {[%clk 0:08:48]} Nb8
{[%clk 0:10:42]} 31. g4 {[%clk 0:05:39]} Nbc6 {[%clk 0:10:46]} 32. h4
{[%clk 0:05:22]} Qc7 {[%clk 0:10:44]} 33. g5 {[%clk 0:05:06]} h5 {[%clk 0:10:49]}
34. Be3 {[%clk 0:04:53]} g6 {[%clk 0:10:50]} 35. Qb6 {[%clk 0:04:48]} Qc8
{[%clk 0:10:52]} 36. Ra1 {[%clk 0:04:15]} Ne7 {[%clk 0:09:53]} 37. Bf2
{[%clk 0:03:48]} Ndc6 {[%clk 0:08:46]} 38. Bh3 {[%clk 0:03:09]} Qd7
{[%clk 0:08:49]} 39. Rb1 {[%clk 0:02:20]} Rb8 {[%clk 0:08:50]} 40. Qb5
{[%clk 0:02:10]} Qe8 {[%clk 0:08:52]} 41. Qb2 {[%clk 0:02:12]} Ra8
{[%clk 0:08:59]} 42. Qb6 {[%clk 0:02:07]} Ra7 {[%clk 0:08:56]} 43. Kg2
{[%clk 0:00:56]} Qa8 {[%clk 0:08:39]} 44. Qb2 {[%clk 0:00:49]} Nd8
{[%clk 0:06:27]} 45. Qb6 {[%clk 0:00:38]} Nec6 {[%clk 0:06:06]} 46. Kg1
{[%clk 0:00:17]} Ra6 {[%clk 0:06:13]} 47. Qb2 {[%clk 0:00:15]} Ra2
{[%clk 0:06:22]} 48. Qb3 {[%clk 0:00:16]} Qa5 {[%clk 0:06:28]} 49. Be1
{[%clk 0:00:00]} 0-1

[Event "Rapid 2018"]
[Site "Saint-Petersburg"]
[Date "2018.12.27"]
[Round "10"]
[Board "64"]
[White "Jones Gawain C B (ENG)"]
[Black "Belyakov Bogdan (RUS)"]
[Result "0-1"]
[LiveChessVersion "1.4.8"]
[BlackElo "2482"]
[WhiteElo "2655"]

1. e4 {[%clk 0:15:18]} e5 {[%clk 0:15:18]} 2. Nf3 {[%clk 0:15:27]} Nc6
{[%clk 0:15:26]} 3. Bc4 {[%clk 0:15:36]} Bc5 {[%clk 0:15:33]} 4. c3
{[%clk 0:15:44]} Nf6 {[%clk 0:15:41]} 5. d4 {[%clk 0:15:53]} exd4
{[%clk 0:15:48]} 6. e5 {[%clk 0:16:02]} d5 {[%clk 0:15:54]} 7. Bb5
{[%clk 0:16:11]} Ne4 {[%clk 0:15:55]} 8. cxd4 {[%clk 0:16:20]} Bb6
{[%clk 0:16:02]} 9. Nc3 {[%clk 0:16:28]} Bg4 {[%clk 0:15:54]} 10. h3
{[%clk 0:15:32]} Bh5 {[%clk 0:15:37]} 11. Be3 {[%clk 0:13:53]} O-O
{[%clk 0:15:38]} 12. Qc2 {[%clk 0:14:02]} Bg6 {[%clk 0:14:43]} 13. Qb3
{[%clk 0:14:10]} Ne7 {[%clk 0:12:52]} 14. O-O {[%clk 0:13:53]} c6
{[%clk 0:12:55]} 15. Bd3 {[%clk 0:14:00]} Nxc3 {[%clk 0:12:42]} 16. Qxc3
{[%clk 0:14:04]} Bxd3 {[%clk 0:12:50]} 17. Qxd3 {[%clk 0:14:12]} Qd7
{[%clk 0:12:48]} 18. Nh4 {[%clk 0:13:51]} f5 {[%clk 0:11:34]} 19. Bg5
{[%clk 0:12:57]} Ng6 {[%clk 0:10:46]} 20. Nxg6 {[%clk 0:12:49]} hxg6
{[%clk 0:10:54]} 21. Rfe1 {[%clk 0:12:09]} Qe6 {[%clk 0:10:59]} 22. Bf4
{[%clk 0:11:54]} Rae8 {[%clk 0:10:44]} 23. Rac1 {[%clk 0:11:58]} Qe7
{[%clk 0:10:31]} 24. Qd2 {[%clk 0:11:34]} Bd8 {[%clk 0:08:51]} 25. e6
{[%clk 0:11:00]} g5 {[%clk 0:08:59]} 26. Be5 {[%clk 0:11:01]} Bb6
{[%clk 0:06:27]} 27. b4 {[%clk 0:10:51]} f4 {[%clk 0:05:54]} 28. a4
{[%clk 0:10:38]} a6 {[%clk 0:04:44]} 29. Rb1 {[%clk 0:10:24]} Qd8
{[%clk 0:04:30]} 30. Qd1 {[%clk 0:09:14]} Rxe6 {[%clk 0:04:23]} 31. Qg4
{[%clk 0:09:14]} Qe7 {[%clk 0:04:30]} 32. Red1 {[%clk 0:09:04]} Re8
{[%clk 0:04:17]} 33. a5 {[%clk 0:04:58]} Ba7 {[%clk 0:04:19]} 34. Rdc1
{[%clk 0:04:15]} Bb8 {[%clk 0:03:53]} 35. Bxb8 {[%clk 0:04:21]} Rxb8
{[%clk 0:04:01]} 36. Kh2 {[%clk 0:04:14]} Re8 {[%clk 0:04:04]} 37. Rb3
{[%clk 0:04:19]} Qf6 {[%clk 0:04:05]} 38. Rd1 {[%clk 0:04:16]} g6
{[%clk 0:03:39]} 39. h4 {[%clk 0:03:55]} gxh4 {[%clk 0:03:37]} 40. Rh3
{[%clk 0:04:04]} Kg7 {[%clk 0:03:22]} 41. Rxh4 {[%clk 0:04:00]} Qxh4+
{[%clk 0:03:11]} 42. Qxh4 {[%clk 0:04:09]} Rh8 {[%clk 0:03:20]} 43. Qxh8+
{[%clk 0:02:58]} Kxh8 {[%clk 0:03:28]} 44. Rd2 {[%clk 0:02:54]} Kg7
{[%clk 0:03:12]} 45. Kh3 {[%clk 0:03:03]} Re1 {[%clk 0:02:51]} 46. Kg4
{[%clk 0:03:09]} Rb1 {[%clk 0:02:41]} 47. Kxf4 {[%clk 0:03:16]} Kf6
{[%clk 0:02:50]} 48. g4 {[%clk 0:03:06]} g5+ {[%clk 0:02:56]} 49. Ke3
{[%clk 0:03:09]} Rxb4 {[%clk 0:03:04]} 50. Rd3 {[%clk 0:03:15]} Rb5
{[%clk 0:03:01]} 51. Ra3 {[%clk 0:03:21]} Rb4 {[%clk 0:02:51]} 52. f3
{[%clk 0:03:22]} Ke6 {[%clk 0:02:52]} 53. Kd3 {[%clk 0:03:21]} Kd6
{[%clk 0:02:40]} 54. Ke3 {[%clk 0:03:24]} c5 {[%clk 0:01:34]} 55. dxc5+
{[%clk 0:03:30]} Kxc5 {[%clk 0:01:43]} 56. Rc3+ {[%clk 0:03:28]} Kb5
{[%clk 0:01:32]} 57. Rc7 {[%clk 0:03:09]} Kxa5 {[%clk 0:01:39]} 58. Rg7
{[%clk 0:03:18]} d4+ {[%clk 0:01:48]} 59. Ke4 {[%clk 0:03:20]} Rb5
{[%clk 0:01:56]} 60. f4 {[%clk 0:03:12]} gxf4 {[%clk 0:02:00]} 61. g5
{[%clk 0:03:19]} d3 {[%clk 0:01:46]} 62. Kxd3 {[%clk 0:03:22]} f3
{[%clk 0:01:50]} 63. Ke3 {[%clk 0:03:29]} Rf5 {[%clk 0:01:56]} 64. Kf2
{[%clk 0:03:32]} b5 {[%clk 0:02:04]} 65. g6 {[%clk 0:03:36]} Rf6 {[%clk 0:02:09]}
66. Rg8 {[%clk 0:03:40]} b4 {[%clk 0:02:12]} 67. Rg7 {[%clk 0:03:22]} Ka4
{[%clk 0:02:17]} 68. Rg8 {[%clk 0:03:28]} a5 {[%clk 0:02:19]} 69. Ke1
{[%clk 0:03:22]} b3 {[%clk 0:01:56]} 70. g7 {[%clk 0:03:22]} f2+ {[%clk 0:01:53]}
71. Kf1 {[%clk 0:03:31]} Rf7 {[%clk 0:02:02]} 72. Rb8 {[%clk 0:03:15]} Rxg7
{[%clk 0:02:10]} 73. Kxf2 {[%clk 0:03:24]} Re7 {[%clk 0:02:18]} 0-1